000 002900000a22000970004500
100 1 _aAmit, Yairah
245 1 0 _aProgression as a rhetorial device in biblical literature
300 _aVol. 28, Núm 1 (2003), Páginas 3-32
773 0 _tJournal for the Study of the Old Testament
942 _cANA
999 _c54942
_d54942